PsycInfo user manual

Αποθηκεύτηκε σε:
Λεπτομέρειες βιβλιογραφικής εγγραφής
Μορφή: Βιβλίο
Γλώσσα:English
Δημοσίευση: Washington : American Psychological Association, 1992
Θέματα:
Ετικέτες: Προσθήκη ετικέτας
Δεν υπάρχουν, Καταχωρήστε ετικέτα πρώτοι!

MARC

LEADER 00000nam a2200000 i 4500
001 1/84363
008 980310s1992 eng d
020 |a 1-55798-164-7 
035 |a 1998  |b 1  |c Πολεμικός  |l 10034424 
040 |a GR-MY-UA  |b gre  |e aacr 
041 0 |a eng 
082 0 |a Π 025.0615 
245 1 0 |a PsycInfo user manual 
260 |a Washington :   |b American Psychological Association,   |c 1992 
300 |a xxi, [265] p. 
500 |a Includes index 
610 2 0 |a American Psychological Association. PsycINFO Dept. 
650 0 0 |a Psychology  |x Databases  |x Handbooks, manuals, etc. 
650 0 0 |a Database searching  |x Handbooks, manuals, etc. 
650 0 0 |a Psychology  |x Research  |x Methodology. 
650 0 0 |a Psychology  |x Periodicals  |x Indexes. 
650 0 0 |a Psychology  |x Bibliography. 
852 |a INST  |b RHODES  |e 19980310  |h 025.0615 PSY  |p 005400011003  |q 005400011003  |t REF  |y 23 
901 |a BIBL-1998-1 
909 |a Ρ  |b 052966  |c 1998